[Event "IECG RN.2001.0.00002"]
[Site "IECG email"]
[Date "2001.02.04"]
[Round "?"]
[White "Barranco, Diego"]
[Black "Sailo, Mafaka"]
[Result "0-1"]
[WhiteElo "800"]
[BlackElo "800"]
[PlyCount "52"]
[EventDate "2001.02.04"]
[EventType "tourn (corr)"]
[EventRounds "6"]
[SourceTitle "Corr 2008"]
[Source "ChessBase"]
[SourceDate "2008.06.24"]
[SourceVersion "1"]
[SourceVersionDate "2008.06.24"]
[SourceQuality "1"]

1. e4 e6 2. c4 d5 3. Nc3 d4 4. Nce2 e5 5. d3 Bb4+ 6. Bd2 Bxd2+ 7. Qxd2 c5 8. b4 cxb4 9. Qxb4 Nc6 10. Qb3 Qa5+ 11. Kd1 Nf6 12. h3 0-0 13. Nf3 a6 14. Nd2 b5 15. a4 Be6 16. f4 Rab8 17. Qa3 bxc4 18. dxc4 Rb4 19. fxe5 Nd7 20. Nc1 Rb7 21. Nd3 Ndxe5 22. Qd6 Qxd2+ 23. Kxd2 Nxc4+ 24. Kc1 Nxd6 25. Nf2 Rc8 26. Bxa6 Nb4+ 0-1

[Event "IECG CN.2001.0.00231"]
[Site "IECG email"]
[Date "2001.02.01"]
[Round "?"]
[White "Sailo, Mafaka"]
[Black "Van Den Broeck, Peter"]
[Result "1-0"]
[WhiteElo "800"]
[BlackElo "958"]
[PlyCount "31"]
[EventDate "2001.02.01"]
[EventType "tourn (corr)"]
[EventRounds "6"]
[SourceTitle "Corr 2008"]
[Source "ChessBase"]
[SourceDate "2008.06.24"]
[SourceVersion "1"]
[SourceVersionDate "2008.06.24"]
[SourceQuality "1"]

1. d4 f5 2. c4 e6 3. Nc3 Nf6 4. Nf3 Bb4 5. Bd2 0-0 6. e3 d6 7. Be2 Nc6 8. 0-0 Qe8 9. d5 exd5 10. Nxd5 Nxd5 11. cxd5 Bxd2 12. dxc6 Ba5 13. Qd5+ Kh8 14. Qxa5 bxc6 15. Qxc7 d5 16. Rac1 1-0